| 000 | 00856nam a2200217 a 4500 | ||
|---|---|---|---|
| 001 | 65127 | ||
| 003 | BD-RjUL | ||
| 005 | 20211209081405.0 | ||
| 008 | 170227s1976 bg |||| |||| 000 0 ben d | ||
| 035 | _a(BD-RjUL)65257 | ||
| 040 |
_aBD-RjUL _bben _cBD-RjUL _dBD-RjUL |
||
| 041 | _aben | ||
| 082 |
_223 _a981.441092 _bABK 1976 |
||
| 100 | 1 |
_aআবূতালিব, মুহম্মদ _9177242 |
|
| 245 | 1 | 0 |
_aকবি মোহাম্মদ গোলাম হোসেন : _bজীবন ও সাহিত্য / _cমুহম্মদ আবূতালিব |
| 260 |
_aঢাকা : _bবাংলা একাডেমী, _c১৯৭৬ |
||
| 300 |
_a৫৩ পৃ. ; _c২১ সেমি. |
||
| 600 |
_aহোসেন, মোহাম্মদ গোলাম _9192918 |
||
| 600 |
_aHosain, Mohammad Golam _9192919 |
||
| 942 |
_2ddc _cBK |
||
| 999 |
_c65127 _d65127 |
||